000 00547nam a2200181 a 4500
001 2829
005 20140414131955.0
008 051021s19uu xx 00 eng d
020 _a0-15-319844-3
050 _aTR 372.7
_bMa42 G1
245 _aHarcourt math: intervention strategies and activities, grade 1 :
_bteacher's guide with copying masters.
250 _aCalifornia ed.
260 _aOrlando :
_bHarcourt .
300 _axiv, 352 p. ; cm.
440 _aHarcourt Math.
650 _aMathematics
_xJuvenile literature.
999 _c112890
_d112890